000 00990ckm a22002415a 4500
001 L140607
008 071001s1893 xxk eng u
035 _a(Sirsi) u140607
041 0 _aeng
100 1 _aArtlett, R. W.
245 0 1 _a[Portrait of] Robert Collier Driver
_h[graphic]
260 _c1893
300 _a1 item
_bb&w
_c48 x 37 cm.
340 _aReproduction
351 _cSingle item
500 _aItem is a reproduction of a portrait of Robert Collier Driver which was presented to Mrs Driver in 1893 by the Land Surveyor's Club 'in kindly recognition of her husband's services as Treasurer and Honorary Secretary for upwards of 40 years'.
500 _aOn the verso of the mount is written 'Permanent platinotype - R. W. Artlett, Alexandra Road, Richmond, Surrey'.
500 _aLibrary holds two copies, one of which is signed by Robert Collier Driver.
600 1 4 _aDriver, Robert Collier
651 4 _aUnited Kingdom
_y
690 _aABOUT RICS
942 _n0
999 _c116388
_d116388